00974nam a22002534aa4500003000800000005001700008008004100025040003000066041000800096044000700104082001800111100004200129245013900171260002500310300004300335500003600378502018000414650002200594653001400616653002000630653001300650653001900663700003800682BOFEUTO20260512155952.0260504t2025 bo gr 000 f spa d 6BOFEUTOaBOFEUTOcBOFEUTO aspa abo aTE6301bM263m aMamani Laura, Anahí Veronicaeautor aMarketing B2B para la Empresa de Transporte Willmar de la ciudad de Oruro. /cAnahí Veronica Mamani Laura, Herrera Lovera Juan Pablo aOruro :bs/n,c2025. a74 hojas ;bgráf, ilus. ; c28.5 cm. aIncluye bibliografía, anexos. aTesis Dirigida, (Licenciatura) -- Universidad Técnica de Oruro, Facultad de Ciencias Económicas, Financieras y Administrativas, Carrera Administración de Empresas, 2025. aAdiministración aMarketing aInvestigación aClientes aFidelización aHerrera Lovera, Juan Pabloeautor